Vista normal Vista MARC
  • Fontanilla D., Carlos A.

Entrada Nombre personal

Número de registros utilizados en: 18

001 - NÚMERO DE CONTROL

  • campo de control: 41287

003 - IDENTIFICADOR DEL NÚMERO DE CONTROL

  • campo de control: OSt

005 - FECHA Y HORA DE LA ÚLTIMA TRANSACCIÓN

  • campo de control: 20200109092213.0

008 - DATOS DE LONGITUD FIJA

  • campo de control de longitud fija: 200109|| aca||aabn | a|a d

040 ## - FUENTE DE LA CATALOGACIÓN

  • Centro catalogador/agencia de origen: OSt
  • Centro/agencia transcriptor: OSt

100 ## - ENCABEZAMIENTO-NOMBRE DE PERSONA

  • Nombre de persona: Fontanilla D., Carlos A.

670 ## - FUENTE DE DATOS ENCONTRADOS

  • Cita de la fuente: Work cat.: (OSt)26187: Mosquera M, Mauricio 37090, Identificación de palmas de aceite con racimos maduros antes de la cosecha. El caso de palma en estados tempranos de desarrollo, 2008